Statistics for Who Did That 1960s Song #1

Click here to take the quiz!

General Stats

  • This quiz has been taken 26,032 times
    (15,998 since last reset)
  • The average score is 15 of 22

Answer Stats

Year Song Musical Act % Correct
1966Eleanor RigbyThe Beatles
93%
1965(I Can't Get No)
Satisfaction
The Rolling Stones
92%
1963Ring of FireJohnny Cash
85%
1965Calfornia GirlsThe Beach Boys
83%
1965The Sounds of SilenceSimon & Garfunkel
82%
1967Purple HazeThe Jimi Hendrix
Experience
78%
1966I'm a BelieverThe Monkees
77%
1960Georgia on My MindRay Charles
77%
1969Pinball WizardThe Who
75%
1969Space OddityDavid Bowie
75%
1963Blowin' in the WindBob Dylan
73%
1964The House of the
Rising Sun
The Animals
72%
1969Suspicious MindsElvis Presley
67%
1968(Sittin' on) The Dock
of the Bay
Otis Redding
64%
1969Whole Lotta LoveLed Zeppelin
60%
1965I Got You (I Feel Good)James Brown
57%
1967White RabbitJefferson Airplane
52%
1967Happy TogetherThe Turtles
45%
1966Wild ThingThe Troggs
42%
1969Sugar, SugarThe Archies
41%
1967A Whiter Shade of PaleProcol Harum
38%
1967Alice's RestaurantArlo Guthrie
30%

Score Distribution

Percentile by Number Answered

Percent of People with Each Score

Your Score History

You have not taken this quiz since the last reset